| 000 | 004380000a22001810004500 | ||
|---|---|---|---|
| 003 | MACL | ||
| 005 | 20150915123654.0 | ||
| 008 | 150915b xxu||||| |||| 00| 0 eng d | ||
| 040 |
_aMACL _cMACL |
||
| 041 | _aEnglish | ||
| 082 | _a823/PON | ||
| 100 |
_aPonnampalam, P S _911035 |
||
| 245 | _aA Nother Dawn | ||
| 260 |
_bA Sterling Paperback _c1997 _aNew Delhi |
||
| 350 | _a125 | ||
| 650 |
_afiction _911036 |
||
| 942 |
_cBK _k823/PON _2ddc |
||
| 999 |
_c44393 _d44393 |
||